000 00502nam a2200181 a 4500
001 1766480582196
003 YourLibrary
005 20251226120328.0
008 251223s1997##################000#0#eng##
020 _a9780788501708
082 0 4 _a281.720962
_bGIT
100 1 _aGithieya, Francis Kimani,
_eauthor.
245 1 0 _aThe Freedom of the Spirit :
260 _bOxford University Press, USA,
_c1997.
650 0 _aChristian sects.
942 _cENGLISH
040 _aYourLibrary
_beng
_cYourLibrary
999 _c605197
_d605197